000 00623nam a2200193Ii 4500
003 JO-AjNU
008 230605s9999||||xx |||||||||||||| ||und||
040 _aJO-AjNU
_bara
_erda
_cJO-AjNU
041 _aara
050 1 4 _aPJ7696.A8.A17
100 3 _aتأليف الأعشى,
_eauthor
_99367
245 0 0 _aديوان الأعشى
264 3 1 _aبيروت:المكتبة الثقافية،1900
300 _a222ص
336 _atext
_btxt
_2rdacontent
337 _aunmediated
_bn
_2rdamedia
338 _avolume
_bnc
_2rdacarrier
650 4 _aالشعر العربي - تاريخ ونقد - العصر الجاهلي 
_99368
999 _aA1263
_c4831
_d4831